000 00673cam a22002291 4500
001 sa 63002081
003 DLC
005 20260227111931.0
008 881102s1962 ii b 000 0 hino
010 _asa 63002081
035 _a(OCoLC)23544120
040 _aDLC
_cMiU
_dNRU
_dDLC
042 _apremarc
050 0 0 _aPK2040
_b.T517
100 1 _aTewari, Ram Chandra,
_d1910-
245 1 0 _aMadhyayugīna kāvya-sādhanā.
_cLekhaka Rāmacandra Tivārī.
260 _aGorakhapura,
_bViśvavidyālaya Prakāśana
_c[1962]
300 _a2, 2, 328 p.
_c20 cm.
500 _aIn Hindi.
504 _aIncludes bibliography.
650 0 _aHindi poetry
_xHistory and criticism.
999 _c54305
_d54305